Statistics for Country Flags With 3 Colours

Click here to take the quiz!

General Stats

  • This quiz has been taken 5 times
    (4 since last reset)
  • The average score is 39 of 74

Answer Stats

Answer% Correct
Algeria
100%
Belgium
75%
Bosnia & Herzegovina
75%
Angola
75%
Benin
75%
Botswana
75%
Belarus
75%
Australia
75%
Armenia
75%
Barbados
75%
Mongolia
50%
Netherlands
50%
Nepal
50%
Niger
50%
Nauru
50%
Mali
50%
Mauritania
50%
Marshall Islands
50%
Maldives
50%
Malawi
50%
North Korea
50%
Luxembourg
50%
New Zealand
50%
Russia
50%
Norway
50%
Oman
50%
Panama
50%
Romania
50%
Liberia
50%
Rwanda
50%
Saint Vincent and the Grenadines
50%
Samoa
50%
Senegal
50%
Slovakia
50%
Taiwan
50%
Thailand
50%
Trinidad & Tobago
50%
UK
50%
USA
50%
Lithuania
50%
Jamaica
50%
Lebanon
50%
Cuba
50%
Bahamas
50%
Bolivia
50%
Bulgaria
50%
Burkina Faso
50%
Burundi
50%
Cambodia
50%
Cameroon
50%
Chad
50%
Chile
50%
Colombia
50%
D.R. Congo
50%
Republic of the Congo
50%
Ivory Coast
50%
Cyprus
50%
Laos
50%
Czech Republic
50%
Kosovo
50%
Italy
50%
Ireland
50%
Iran
50%
Iceland
50%
Hungary
50%
Guinea
50%
Grenada
50%
Germany
50%
Gabon
50%
France
50%
Estonia
50%
Yemen
50%
Sierra Leone
25%
Madagascar
25%

Score Distribution

Percentile by Number Answered

Percent of People with Each Score

Your Score History

You have not taken this quiz since the last reset